| 000 | 00504nam a22001697a 4500 | ||
|---|---|---|---|
| 005 | 20251108165514.0 | ||
| 008 | 250721s1999 xx 000 0 ara d | ||
| 082 | 1 | 4 | _a362.8/مطا |
| 100 | 1 | _aمطاوع، عبد الوهاب | |
| 245 | 1 | 0 | _aدموع القلب / |
| 264 | 1 |
_aالقاهرة : _bالدار المصرية اللبنانية، _c1999. |
|
| 300 | _a167ص | ||
| 650 | 1 | 7 | _aالتفكك الأسري |
| 650 | 1 | 7 | _aالمشاكل الإجتماعية |
| 942 |
_2ddc _cBK |
||
| 999 |
_c29508 _d29508 |
||